000 00572nam a22001937a 4500
005 20250916093932.0
008 250916b |||||||| |||| 00| 0 eng d
020 _a9788198692856
040 _aIN-DiNC
_cIN-DiNC
041 _deng
082 _a338.9
_bAHM
100 _aAhmed, Rofique
_eauthor
245 _aEconomic development/
_cby Rofique Ahmed and Alena Begum
260 _aJorhat:
_bNorth East institute of research consultancy and publication,
_c2025.
300 _a432p.
650 _aEconomic development
700 _aBegum, Alena
_eauthor
942 _2ddc
_cBK
999 _c12280
_d12280